000 00555nam a22001577a 4500
999 _c61053
_d61053
005 20231212155238.0
008 231212s1989 ru ||||| |||| 00| 0 rus d
041 _arus
080 _a39 A-86
100 _aАрутюнов, С.А.
_920679
245 _aНароды и культуры :
_bРазвитие и взаимодействие /
_cС.А. Арутюнов.
264 _aМосква :
_bНаука,
_c1989.
300 _a246 с.;
_b22 см.
653 _aხალხები და კულტურები
942 _2udc
_cᲬᲘᲒᲜᲘ